<?xml version="1.0" encoding="UTF-8"?>
<collection xmlns="http://www.loc.gov/MARC21/slim">
 <record>
  <leader>     na                 </leader>
  <controlfield tag="001">INLIS000000001165400</controlfield>
  <controlfield tag="005">20250327084424</controlfield>
  <datafield tag="035" ind1=" " ind2=" ">
   <subfield code="a">0010-0325000125</subfield>
  </datafield>
  <controlfield tag="007">ta</controlfield>
  <controlfield tag="008">250327                g          | ind  </controlfield>
  <datafield tag="020" ind1=" " ind2=" ">
   <subfield code="a">978-623-02-6813-7</subfield>
  </datafield>
  <datafield tag="100" ind1="0" ind2=" ">
   <subfield code="a">Prismita Nursetyowati</subfield>
   <subfield code="e">penulis</subfield>
  </datafield>
  <datafield tag="245" ind1="1" ind2=" ">
   <subfield code="a">Pemilihan sampah menuju zero waste :</subfield>
   <subfield code="b">sebuah aksi kecil untuk perubahan besar /</subfield>
   <subfield code="c">Prismita Nursetyowati, Deffi Ayu Puspito Sari</subfield>
  </datafield>
  <datafield tag="250" ind1=" " ind2=" ">
   <subfield code="a">Cetakan ke 1: juli 2023</subfield>
  </datafield>
  <datafield tag="300" ind1=" " ind2=" ">
   <subfield code="a">xii, 62 halaman :</subfield>
   <subfield code="b">ilustrasi ;</subfield>
   <subfield code="c">20 cm</subfield>
  </datafield>
  <datafield tag="700" ind1="0" ind2=" ">
   <subfield code="a">Deffi Ayu Puspito Sari</subfield>
   <subfield code="e">penulis</subfield>
  </datafield>
  <datafield tag="504" ind1=" " ind2=" ">
   <subfield code="a">bibliografi : halaman 54</subfield>
  </datafield>
  <datafield tag="264" ind1=" " ind2=" ">
   <subfield code="a">Sleman :</subfield>
   <subfield code="b">Deepublish,</subfield>
   <subfield code="c">2023</subfield>
  </datafield>
  <datafield tag="336" ind1=" " ind2=" ">
   <subfield code="2">rdacontent</subfield>
   <subfield code="a">Teks</subfield>
  </datafield>
  <datafield tag="337" ind1=" " ind2=" ">
   <subfield code="2">rdamedia</subfield>
   <subfield code="a">Tanpa perantara</subfield>
  </datafield>
  <datafield tag="338" ind1=" " ind2=" ">
   <subfield code="2">rdacarrier</subfield>
   <subfield code="a">Volume</subfield>
  </datafield>
  <datafield tag="500" ind1=" " ind2=" ">
   <subfield code="a">Sampah adalah bagian dari kehidupan kita. Hampir setiap aktivitas yang kita lakukan akan menghasilkan sampah yang wajib kita kelola dengan baik. Akan tetapi, tidak banyak yang menyadari bahwa bila dikelola dengan bijaksana, sampah merupakan material dengan sejuta potensi di dalamnya. Sejalan dengan konsep Zero Waste yang diusung pemerintah NTB, sampah dipandang sebagai sumber daya yang masih sangat berharga dan akan diproses menjadi produk yang bernilai. Oleh karena itu, untuk memaksimalkan potensi sampah menjadi sumber daya, tahap pemilahan menjadi sangat vital. Tahap ini seringkali terlupakan dalam pengelolaan sampah di suatu daerah, padahal aksi kecil dari sumber bisa membuat perubahan lingkungan dan ekonomi sangat besar. Dalam modul pelatihan ini akan dipaparkan secara runut pengetahuan dan keterampilan praktis untuk memilah sampah. Diharapkan setelah memahami isi modul ini, peserta akan berpikir: “Ternyata memilah itu mudah dan menguntungkan!” dan mulai memilah mandiri sampah dari sumbernya, sekarang juga. Selain itu buku ini dapat digunakan sebagai bahan ajar pada mata kuliah Pengelolaan Limbah Padat, Pengantar Teknik Lingkungan, Isu Lingkungan Terkini, Ekonomi Valuasi Lingkungan dan Sumber Daya Alam dan Lingkungan, dan Analisis Sistem Pengelolaan Lingkungan</subfield>
  </datafield>
  <datafield tag="082" ind1=" " ind2=" ">
   <subfield code="a">628.4</subfield>
  </datafield>
  <datafield tag="084" ind1=" " ind2=" ">
   <subfield code="a">SR 628.4 PRI p</subfield>
  </datafield>
  <datafield tag="650" ind1=" " ind2="4">
   <subfield code="a">Sampah, Teknologi</subfield>
  </datafield>
  <datafield tag="650" ind1=" " ind2="4">
   <subfield code="a">Sampah, Pembuangan</subfield>
  </datafield>
  <datafield tag="990" ind1=" " ind2=" ">
   <subfield code="a">55688.68508</subfield>
  </datafield>
 </record>
</collection>
